| 000 -LEADER |
| fixed length control field |
00640cam a2200205 a 4500 |
| 040 ## - CATALOGING SOURCE |
| Transcribing agency |
DLC |
| 082 ## - DEWEY DECIMAL CLASSIFICATION NUMBER |
| Classification number |
CAM KEO 1997 C096 Or. |
| 100 ## - MAIN ENTRY--AUTHOR NAME |
| Personal name |
keo kimhourn |
| 245 00 - TITLE STATEMENT |
| Title |
Women's political voice in ASEAN : |
| Remainder of title |
sharing a vision / |
| 260 ## - PUBLICATION, DISTRIBUTION, ETC. (IMPRINT) |
| Place of publication |
[Phnom Penh] : |
| Name of publisher |
Cambodian Institute for Cooperation and Peace and Friedrich Ebert Stiftung, |
| Year of publication |
[1997] |
| 300 ## - PHYSICAL DESCRIPTION |
| Number of Pages |
200 p. ; |
| Dimensions |
23 cm. |
| 520 ## - SUMMARY, ETC. |
| Summary, etc |
Contributed articles. |
| 650 #0 - SUBJECT ADDED ENTRY--TOPICAL TERM |
| Topical Term |
Women |
| 650 #0 - SUBJECT ADDED ENTRY--TOPICAL TERM |
| Topical Term |
Women |
| 700 0# - ADDED ENTRY--PERSONAL NAME |
| Personal name |
Kau Gẏmhuan. |
| 700 1# - ADDED ENTRY--PERSONAL NAME |
| Personal name |
Hofmann, Norbert von. |
| 710 2# - ADDED ENTRY--CORPORATE NAME |
| Corporate name or jurisdiction name as entry element |
Cambodian Institute for Cooperation and Peace. |
| 710 2# - ADDED ENTRY--CORPORATE NAME |
| Corporate name or jurisdiction name as entry element |
Friedrich-Ebert-Stiftung. |
| 942 ## - ADDED ENTRY ELEMENTS (KOHA) |
| Koha item type |
ADB |
| 952 ## - LOCATION AND ITEM INFORMATION (KOHA) |
| Withdrawn status [LOCAL, KOHA] |
0 |